000 01531nam a22002177a 4500
003 St Aloysius Coll
005 20260305182335.0
008 260227b |||||||| |||| 00| 0 eng d
020 _a9781009594851
040 _cAL
041 _aEnglish
082 _a530.12
_bTONQ
100 _aDavid Tong
_9257116
245 _aQuantum mechanics
_b: lectures on theoretical physics Vol 3
260 _aNew York
_bCambridge University Press
_c2025
300 _axiv, 686p.
_bPB
_c25x17.5cm
365 _2General
_a6287
_b₹3507.00
_c
_d₹4384.00
_e20%
_f24/02/2026
520 _aThe universe we live in is both strange and interesting. This strangeness comes about because, at the most fundamental level, the universe is governed by the laws of quantum mechanics. This is the most spectacularly accurate and powerful theory ever devised, one that has given us insights into many aspects of the world, from the structure of matter to the meaning of information. This textbook provides a comprehensive account of all thing's quantum. It starts by introducing the wavefunction and its interpretation as an ephemeral wave of complex probability, before delving into the mathematical formalism of quantum mechanics and exploring its diverse applications, from atomic physics and scattering to quantum computing. Designed to be accessible, this volume is suitable for both students and researchers, beginning with the basics before progressing to more advanced topics.
650 _2Quantum Mechanics
_aPhysis
_9257117
942 _2ddc
_cBK
999 _c240968
_d240968